Professional indemnity insurance for chartered surveyors 2001 (Record no. 85411)
[ view plain ]
| 000 -LEADER | |
|---|---|
| fixed length control field | 01330cam a2200265 4500 |
| 001 - CONTROL NUMBER | |
| control field | ##J113229 |
| 008 - FIXED-LENGTH DATA ELEMENTS--GENERAL INFORMATION | |
| fixed length control field | 000000n2001 000 0 eng u |
| 035 ## - SYSTEM CONTROL NUMBER | |
| System control number | (Sirsi) u113229 |
| 100 1# - MAIN ENTRY--PERSONAL NAME | |
| Personal name | Land, Howard |
| 245 00 - TITLE STATEMENT | |
| Title | Professional indemnity insurance for chartered surveyors 2001 |
| Medium | [sound recording] |
| 260 ## - PUBLICATION, DISTRIBUTION, ETC. | |
| Place of publication, distribution, etc. | London |
| Name of publisher, distributor, etc. | RICS |
| Date of publication, distribution, etc. | 2001 |
| 300 ## - PHYSICAL DESCRIPTION | |
| Extent | 1 |
| Type of unit | sound cassette (60 min.) |
| 350 ## - PRICE (NR) (BK AM CF MU VM SE) [OBSOLETE] | |
| Price | 14.10 |
| 490 #0 - SERIES STATEMENT | |
| Series statement | Owlion Audio Programme |
| 520 ## - SUMMARY, ETC. | |
| Summary, etc. | An overview of the mandatory professional requirements of the RICS, the considerations by which the user should identify the needs, the sources and selection of insurance suppliers, the benefits of professional insurance, the penalties of non compliance and details of the advice and guidance available from the RICS Professional Standards and Consumer Protection Department. Produced at the request of and in cooperation with the RICS Professional Standards and Consumer Protection Department. |
| 520 ## - SUMMARY, ETC. | |
| Summary, etc. | Withdrawn 1 October 2006. |
| 651 #4 - SUBJECT ADDED ENTRY--GEOGRAPHIC NAME | |
| Geographic name | United Kingdom |
| Chronological subdivision | |
| 690 ## - LOCAL SUBJECT ADDED ENTRY--TOPICAL TERM (OCLC, RLIN) | |
| Topical term or geographic name as entry element | MANAGEMENT-BUSINESS MANAGEMENT-INSURANCE-PROFESSIONAL INDEMNITY INSURANCE |
| 700 1# - ADDED ENTRY--PERSONAL NAME | |
| Personal name | Flaxman, Roger H. |
| 700 1# - ADDED ENTRY--PERSONAL NAME | |
| Personal name | Hastings, Emma |
| 700 1# - ADDED ENTRY--PERSONAL NAME | |
| Personal name | Larkin, David |
| 710 2# - ADDED ENTRY--CORPORATE NAME | |
| Corporate name or jurisdiction name as entry element | Royal Institution of Chartered Surveyors |
| 9 (RLIN) | 4900 |
| 710 2# - ADDED ENTRY--CORPORATE NAME | |
| Corporate name or jurisdiction name as entry element | College of Estate Management |
| 9 (RLIN) | 400 |
| 942 ## - ADDED ENTRY ELEMENTS (KOHA) | |
| Suppress in OPAC | 0 |
| Withdrawn status | Lost status | Source of classification or shelving scheme | Damaged status | Not for loan | Home library | Current library | Shelving location | Date acquired | Total Checkouts | Full call number | Barcode | Date last seen | Date last checked out | Copy number | Price effective from | Koha item type |
|---|---|---|---|---|---|---|---|---|---|---|---|---|---|---|---|---|
| Dewey Decimal Classification | London | London | Basement | 28/05/2004 | 6 | SHELF 330 | 30067764 | 06/08/2019 | 14/03/2007 | 1 | 06/08/2019 | Audio |